Principles of college chemistry / (Record no. 183421)
[ view plain ]
| 000 -LEADER | |
|---|---|
| fixed length control field | 01509 a2200181 4500 |
| 003 - CONTROL NUMBER IDENTIFIER | |
| control field | Nust |
| 005 - DATE AND TIME OF LATEST TRANSACTION | |
| control field | 20221011125021.0 |
| 020 ## - INTERNATIONAL STANDARD BOOK NUMBER | |
| International Standard Book Number | 00638545210 |
| 040 ## - CATALOGING SOURCE | |
| Transcribing agency | Nust |
| 082 ## - DEWEY DECIMAL CLASSIFICATION NUMBER | |
| Classification number | 540,MIL |
| 100 ## - MAIN ENTRY--PERSONAL NAME | |
| Personal name | : Miller, Glenn H., |
| 9 (RLIN) | 99886 |
| 245 ## - TITLE STATEMENT | |
| Title | Principles of college chemistry / |
| Statement of responsibility, etc. | Glenn H. Miller. |
| 260 ## - PUBLICATION, DISTRIBUTION, ETC. | |
| Place of publication, distribution, etc. | San Francisco, |
| Name of publisher, distributor, etc. | Canfield Press |
| Date of publication, distribution, etc. | [1972] |
| 300 ## - PHYSICAL DESCRIPTION | |
| Extent | 368 |
| Other physical details | illus. 27 cm. |
| 505 ## - FORMATTED CONTENTS NOTE | |
| Formatted contents note | Introduction (Page-1), Basic Measurements (Page-6), Classifications of Matter (Page-22), Elements and Atoms (Page-29), Fundamental Laws Molecules and Moles (Page-44), Formulas and Chemical Equations (Page-55), How to Write Formulas and Name Compounds (Page-64), Stoichiometry (Page-78), Subatomic Particles and the Nucleus (Page-90), Electrons in Atoms and the Origin Spectra (Page-100), Electronic Structure of Atoms (Page-111), Chemical Bonds (Page-133), Orbital Theory of Bond Formation and the Geometry (Page-145), Gases and The Kinetic Molecular Theory (Page-158), Bounding in Solids (Page-190), Water (Page-197), Solutions (Page-212), Solutions of Electrolytes (Page-227), Oxidaation Reeducation Reactions Batteries (Page-244), Refection Rates and Chemical Equilibrium (Page-258), Radioactivity and Nuclear Reactions (Page-277), Nuclear Energy and the Transurainium Elements (Page-287), Introduction to Organic Chemistry (Page-299), Giant Molecules Polymers (Page-314), Some Important Biologically Active Compounds (Page-329), |
| 650 ## - SUBJECT ADDED ENTRY--TOPICAL TERM | |
| Topical term or geographic name entry element | Principles of college chemistry |
| 9 (RLIN) | 99887 |
| 942 ## - ADDED ENTRY ELEMENTS (KOHA) | |
| Source of classification or shelving scheme | |
| Koha item type | Book |
| Withdrawn status | Lost status | Source of classification or shelving scheme | Damaged status | Not for loan | Permanent Location | Current Location | Shelving location | Date acquired | Full call number | Barcode | Date last seen | Price effective from | Koha item type | Public note |
|---|---|---|---|---|---|---|---|---|---|---|---|---|---|---|
| Military College of Signals (MCS) | Military College of Signals (MCS) | General Stacks | 12/12/2016 | 540,MIL | MCS6465 | 12/08/2016 | 12/12/2016 | Book | Almirah No.25, Shelf No.2 |
